000 00498ctc a22001935a 4500
001 L141567
008 071203i19431952xxk eng u
035 _a(Sirsi) u141567
041 0 _aeng
110 2 _aValuers' Association
_95475
245 0 1 _a[Register of subscriptions]
_h[manuscript]
260 _c1943-1952
300 _a2 v.
_c35 cm. and 32 cm.
340 _aManuscript
351 _cFonds
651 4 _aUnited Kingdom
_y
690 _aABOUT RICS-RELATED ORGANISATIONS
942 _n0
999 _c116741
_d116741